SUSTAINABLE forests : global challenges and local solutions

Bibliographic Details
Other Authors: Bouman, Brand (George)] , 1956-
Format: Book
Published: New York : Food Products Press , 1997
Subjects:

MARC

LEADER 00000cam a2200000 7i4500
001 0000002076
005 20020923.0
020 0 0 |a 1560220589 
090 0 0 |a 333.75   |b SUS 1997 
245 0 0 |a SUSTAINABLE forests :   |b global challenges and local solutions   |c O. Thomas Bouman, David G. Brand, editors 
260 0 0 |a New York :   |b Food Products Press ,   |c 1997 
300 |a xvii, 378 p. :   |b ill. ;   |c 22 cm. 
500 0 0 |a Includes bibliographical references and index 
650 0 0 |a Forest ecology   |x Congresses 
650 0 0 |a Forest management   |x Congresses 
650 0 0 |a Sustainable forestry   |x Congresses 
700 0 1 |a Bouman   |h O. Thomas 
700 0 1 |a Brand   |h David G. [  |q (George)] ,   |c 1956- 
998 |a JPSM 
999 |a 0000003460   |b Monograph   |c Open Shelf   |e Default branch